| 000 | 02125nam a2200433 i 4500 | ||
|---|---|---|---|
| 001 | ebr10866721 | ||
| 003 | CaPaEBR | ||
| 006 | m o d | ||
| 007 | cr cn||||||||| | ||
| 008 | 140516t20002000aluao ob 001 0 eng d | ||
| 020 | _z9780817354732 | ||
| 020 | _a9780817380199 (e-book) | ||
| 040 |
_aCaPaEBR _beng _erda _epn _cCaPaEBR |
||
| 035 | _a(OCoLC)606341092 | ||
| 050 | 1 | 4 |
_aPS1308 _b.F85 2000eb |
| 082 | 0 | 4 |
_a813.4 _221 |
| 100 | 1 |
_aFulton, Joe B., _d1962- _eauthor. |
|
| 245 | 1 | 0 |
_aMark Twain in the margins : _bthe Quarry Farm marginalia and A Connecticut Yankee in King Arthur's court / _cJoe B. Fulton. |
| 264 | 1 |
_aTuscaloosa, Alabama : _bThe University of Alabama Press, _c2000. |
|
| 264 | 4 | _c�2000 | |
| 300 |
_a1 online resource (224 pages) : _billustrations, photograph. |
||
| 336 |
_atext _2rdacontent |
||
| 337 |
_acomputer _2rdamedia |
||
| 338 |
_aonline resource _2rdacarrier |
||
| 490 | 1 | _aStudies in American Literary Realism and Naturalism | |
| 504 | _aIncludes bibliographical references and index. | ||
| 588 | _aDescription based on print version record. | ||
| 590 | _aElectronic reproduction. Palo Alto, Calif. : ebrary, 2014. Available via World Wide Web. Access may be limited to ebrary affiliated libraries. | ||
| 600 | 1 | 0 |
_aTwain, Mark, _d1835-1910. _tConnecticut Yankee in King Arthur's court _xCriticism, Textual. |
| 600 | 1 | 0 |
_aTwain, Mark, _d1835-1910 _xBooks and reading. |
| 600 | 1 | 0 |
_aTwain, Mark, _d1835-1910 _xTechnique. |
| 650 | 0 | _aRealism in literature. | |
| 650 | 0 |
_aFiction _xTechnique. |
|
| 655 | 0 | _aElectronic books. | |
| 776 | 0 | 8 |
_iPrint version: _aFulton, Joe B., 1962- _tMark Twain in the margins : the Quarry Farm marginalia and A Connecticut Yankee in King Arthur's court. _dTuscaloosa, Alabama : The University of Alabama Press, c2000 _hxvi, 205 pages _kStudies in American Literary Realism and Naturalism _z9780817354732 _w99050647 |
| 797 | 2 | _aebrary. | |
| 830 | 0 | _aStudies in American literary realism and naturalism. | |
| 856 | 4 | 0 |
_uhttp://site.ebrary.com/lib/rucke/Doc?id=10866721 _zAn electronic book accessible through the World Wide Web; click to view |
| 999 |
_c105967 _d105967 |
||